000
00199nam a2200109Ia 4500
100
_a
#N/A
942
_c
BK
654
_a
8051
245
_a
8051 Microcontrollers
260
_b
#N/A
546
_a
ENGLISH
999
_c
26845
_d
26845